000
00275nam a2200109Ia 4500
005
20251222114353.0
008
251222s1900||||xx |||||||||||||| ||spa||
082
_a
DVD0195/G14/2001
245
0
_a
Galileo y las fronteras del cosmos
264
_b
Centro Producciones
942
_c
DVD
999
_c
1337
_d
1337